[Event "Quebec-ch classe"]
[Site "Montreal CAN"]
[Date "2013.01.19"]
[Round "2.7"]
[White "Dumouchel, Alain"]
[Black "Libersan, Thierry"]
[Result "0-1"]
[WhiteElo "2020"]
[BlackElo "2128"]
[PlyCount "68"]
[GameId "2160767909381959"]
[EventDate "2013.01.18"]
[EventType "swiss"]
[EventRounds "5"]
[EventCountry "CAN"]
[SourceTitle "EXT 2022"]
[Source "ChessBase"]
[SourceDate "2021.10.06"]
[SourceVersion "1"]
[SourceVersionDate "2021.10.06"]
[SourceQuality "1"]

1. e4 c5 2. Nf3 e6 3. d4 cxd4 4. Nxd4 Nc6 5. Nb5 d6 6. c4 a6 7. N5c3 Nf6 8. Be2 Be7 9. O-O O-O 10. Na3 b6 11. Be3 Bb7 12. f4 Rc8 13. Qe1 Nd7 14. Rd1 Qc7 15. Qg3 Rfe8 16. Kh1 Bf8 17. Rf3 Ne7 18. Bd3 f5 19. Qh3 Nc5 20. Bb1 fxe4 21. Bxc5 Nf5 22. Nd5 exd5 23. Qxf5 g6 24. Rg3 bxc5 25. cxd5 Bg7 26. Qg5 c4 27. Nc2 Qe7 28. f5 Qxg5 29. Rxg5 Re5 30. Ne3 Bh6 31. Rg3 Bxe3 32. Rxe3 gxf5 33. g4 f4 34. Rxe4 Bxd5 0-1

[Event "Quebec-ch classe"]
[Site "Montreal CAN"]
[Date "2013.01.19"]
[Round "2.8"]
[White "Weston, Paul"]
[Black "Lopez Linares, Lizandro"]
[Result "1-0"]
[WhiteElo "2010"]
[BlackElo "2066"]
[PlyCount "49"]
[GameId "2160767909381960"]
[EventDate "2013.01.18"]
[EventType "swiss"]
[EventRounds "5"]
[EventCountry "CAN"]
[SourceTitle "EXT 2022"]
[Source "ChessBase"]
[SourceDate "2021.10.06"]
[SourceVersion "1"]
[SourceVersionDate "2021.10.06"]
[SourceQuality "1"]

1. e4 e6 2. d4 d5 3. e5 c5 4. c3 Nc6 5. Nf3 Bd7 6. Be2 Qb6 7. dxc5 Bxc5 8. O-O a5 9. Nbd2 a4 10. b3 axb3 11. Nxb3 Nge7 12. Bf4 Ng6 13. Bg3 O-O 14. h4 f6 15. exf6 Rxf6 16. Rb1 Bc8 17. c4 Nb4 18. cxd5 exd5 19. Ng5 Bf5 20. Nxc5 Qxc5 21. Rxb4 Qxb4 22. Qxd5+ Kh8 23. Nf7+ Kg8 24. Nh6+ Kh8 25. Nxf5 1-0

[Event "Quebec-ch classe"]
[Site "Montreal CAN"]
[Date "2013.01.19"]
[Round "3"]
[White "Guierguiev, Valentin"]
[Black "Kleinman, Michael"]
[Result "0-1"]
[WhiteElo "1938"]
[BlackElo "2288"]
[PlyCount "82"]
[GameId "2160767909381961"]
[EventDate "2013.01.18"]
[EventType "swiss"]
[EventRounds "5"]
[EventCountry "CAN"]
[SourceTitle "EXT 2022"]
[Source "ChessBase"]
[SourceDate "2021.10.06"]
[SourceVersion "1"]
[SourceVersionDate "2021.10.06"]
[SourceQuality "1"]

1. d4 Nf6 2. g3 g6 3. Bg2 d5 4. Nf3 Bg7 5. O-O O-O 6. c4 c6 7. b3 dxc4 8. bxc4 c5 9. Bb2 Qb6 10. Qb3 Ne4 11. Nc3 Nxc3 12. Bxc3 Nc6 13. e3 Bg4 14. Ne5 cxd4 15. Qxb6 axb6 16. exd4 Nxe5 17. dxe5 Ra4 18. Bd5 Be2 19. Rfc1 Bxc4 20. Bxb7 Rb8 21. Bc6 Rxa2 22. Rxa2 Bxa2 23. Ra1 Bc4 24. f4 Bf8 25. Bd4 b5 26. Ra8 Rxa8 27. Bxa8 e6 28. Kf2 h5 29. Ke3 Bb4 30. Bc6 Kf8 31. Bb6 Bc3 32. Bc5+ Kg7 33. Be4 Be1 34. Bd3 Bxd3 35. Kxd3 h4 36. g4 h3 37. Ke2 Bg3 38. Kf3 Bxh2 39. Be3 b4 40. Ke2 b3 41. Bc1 Bxf4 0-1

[Event "Quebec-ch classe"]
[Site "Montreal CAN"]
[Date "2013.01.19"]
[Round "3.1"]
[White "Hambleton, Aman"]
[Black "Sambuev, Bator"]
[Result "1/2-1/2"]
[WhiteElo "2576"]
[BlackElo "2370"]
[PlyCount "108"]
[GameId "2160767909381962"]
[EventDate "2013.01.18"]
[EventType "swiss"]
[EventRounds "5"]
[EventCountry "CAN"]
[SourceTitle "EXT 2022"]
[Source "ChessBase"]
[SourceDate "2021.10.06"]
[SourceVersion "1"]
[SourceVersionDate "2021.10.06"]
[SourceQuality "1"]

1. d4 d5 2. c4 c6 3. Nc3 e6 4. e3 Bd6 5. Qc2 f5 6. Bd3 Nh6 7. Nge2 O-O 8. h3 Kh8 9. Bd2 Qe7 10. O-O Nd7 11. cxd5 exd5 12. f3 Nf6 13. e4 fxe4 14. fxe4 dxe4 15. Nxe4 Nxe4 16. Rxf8+ Qxf8 17. Bxe4 Be6 18. Bxh7 Re8 19. Bg6 Bf5 20. Bxf5 Rxe2 21. Rf1 Qf6 22. Qd3 Rxd2 23. Qxd2 Nxf5 24. g4 Qxd4+ 25. Qxd4 Nxd4 26. Rf7 b5 27. Rxa7 Be5 28. a4 bxa4 29. Rxa4 c5 30. Ra5 Ne6 31. Rb5 g5 32. Kg2 Bc7 33. Rb7 Kg7 34. Kf3 Kf6 35. Ke4 Bd8 36. Kd5 Nf4+ 37. Kxc5 Nxh3 38. Kd5 Nf2 39. Rb4 Bc7 40. Ra4 Bf4 41. Ra6+ Ke7 42. Ra7+ Kf6 43. Ra6+ Ke7 44. Ra7+ Kd8 45. Rg7 Nxg4 46. Ke4 Ne3 47. Rf7 Ng2 48. Kf3 Ke8 49. Ra7 Ne1+ 50. Kg4 Nd3 51. Ra5 Nf2+ 52. Kf3 Nd1 53. Rf5 Nxb2 54. Rxf4 gxf4 1/2-1/2

[Event "Quebec-ch classe"]
[Site "Montreal CAN"]
[Date "2013.01.19"]
[Round "3.3"]
[White "Dumont, Felix"]
[Black "Robichaud, Louis"]
[Result "1-0"]
[WhiteElo "2121"]
[BlackElo "2032"]
[PlyCount "61"]
[GameId "2160767909381963"]
[EventDate "2013.01.18"]
[EventType "swiss"]
[EventRounds "5"]
[EventCountry "CAN"]
[SourceTitle "EXT 2022"]
[Source "ChessBase"]
[SourceDate "2021.10.06"]
[SourceVersion "1"]
[SourceVersionDate "2021.10.06"]
[SourceQuality "1"]

1. d4 Nf6 2. Nf3 g6 3. Bg5 Bg7 4. Nbd2 h6 5. Bh4 d6 6. e4 O-O 7. c3 Nbd7 8. Bc4 e5 9. dxe5 dxe5 10. O-O Qe8 11. Qe2 Nh5 12. Qe3 Nb6 13. Bb3 Be6 14. Qc5 Bxb3 15. axb3 f5 16. exf5 gxf5 17. Nc4 Nxc4 18. bxc4 b6 19. Qxc7 Rf7 20. Qd6 Rd7 21. Qb4 e4 22. Nd4 Bxd4 23. cxd4 Rxd4 24. Rfd1 Qd7 25. Qb3 Rc8 26. c5+ Kh7 27. Rxd4 Qxd4 28. Qe6 Qxc5 29. Qxh6+ Kg8 30. Qxh5 Qc1+ 31. Qd1 1-0

[Event "Quebec-ch classe"]
[Site "Montreal CAN"]
[Date "2013.01.19"]
[Round "3.4"]
[White "Prahov, Valentin"]
[Black "Sturt, Raven"]
[Result "0-1"]
[WhiteElo "2121"]
[BlackElo "2283"]
[PlyCount "64"]
[GameId "2160767909381964"]
[EventDate "2013.01.18"]
[EventType "swiss"]
[EventRounds "5"]
[EventCountry "CAN"]
[SourceTitle "EXT 2022"]
[Source "ChessBase"]
[SourceDate "2021.10.06"]
[SourceVersion "1"]
[SourceVersionDate "2021.10.06"]
[SourceQuality "1"]

1. e4 c6 2. d4 d5 3. exd5 cxd5 4. Bd3 Nc6 5. c3 Qc7 6. Ne2 e5 7. dxe5 Nxe5 8. Bb5+ Bd7 9. Bxd7+ Qxd7 10. O-O Nf6 11. Bf4 Bd6 12. Nd2 O-O 13. Bxe5 Bxe5 14. Nf3 Bc7 15. Qd3 Rfe8 16. Ng3 Qa4 17. Nd4 a6 18. a3 Qc4 19. Rad1 Rad8 20. Qf3 Ne4 21. Ndf5 Ng5 22. Qh5 Ne6 23. Ne3 Qb3 24. Nxd5 Qxb2 25. Rb1 Qxa3 26. Rxb7 Qd6 27. Nxc7 Nxc7 28. Qa5 Nd5 29. h3 Qc6 30. Rb3 Nf4 31. f3 Qg6 32. Kh2 Qc2 0-1

[Event "Quebec-ch classe"]
[Site "Montreal CAN"]
[Date "2013.01.19"]
[Round "3.6"]
[White "Libersan, Thierry"]
[Black "Weston, Paul"]
[Result "0-1"]
[WhiteElo "2128"]
[BlackElo "2010"]
[PlyCount "64"]
[GameId "2160767909381966"]
[EventDate "2013.01.18"]
[EventType "swiss"]
[EventRounds "5"]
[EventCountry "CAN"]
[SourceTitle "EXT 2022"]
[Source "ChessBase"]
[SourceDate "2021.10.06"]
[SourceVersion "1"]
[SourceVersionDate "2021.10.06"]
[SourceQuality "1"]

1. e4 e5 2. Nf3 Nc6 3. Bb5 a6 4. Ba4 Nf6 5. d3 b5 6. Bb3 Bc5 7. O-O d6 8. c3 h6 9. Re1 O-O 10. Nbd2 Ng4 11. Re2 Kh8 12. h3 Nf6 13. Nf1 Nh5 14. Bd5 Bd7 15. d4 exd4 16. cxd4 Bb6 17. e5 Rb8 18. g4 dxe5 19. dxe5 Be6 20. Rd2 Qe8 21. gxh5 Bxh3 22. b3 Nxe5 23. Bb2 Ng4 24. Qc2 f5 25. Ng3 Nxf2 26. Rxf2 f4 27. Ne4 Qxh5 28. Bxg7+ Kxg7 29. Qc3+ Kh7 30. Nf6+ Rxf6 31. Qxf6 Qxd5 32. Qe7+ Kg8 0-1

[Event "Quebec-ch classe"]
[Site "Montreal CAN"]
[Date "2013.01.19"]
[Round "3.7"]
[White "Auger, Bertrand"]
[Black "Nicula, Marius"]
[Result "0-1"]
[WhiteElo "1978"]
[BlackElo "2207"]
[PlyCount "62"]
[GameId "2160767909381967"]
[EventDate "2013.01.18"]
[EventType "swiss"]
[EventRounds "5"]
[EventCountry "CAN"]
[SourceTitle "EXT 2022"]
[Source "ChessBase"]
[SourceDate "2021.10.06"]
[SourceVersion "1"]
[SourceVersionDate "2021.10.06"]
[SourceQuality "1"]

1. Nf3 e6 2. g3 d5 3. Bg2 Nf6 4. O-O c5 5. c4 dxc4 6. Qa4+ Bd7 7. Qxc4 Bc6 8. Nc3 Nbd7 9. d3 Be7 10. Bf4 O-O 11. Qb3 a6 12. a4 b5 13. Rfc1 Qb6 14. Qc2 Rac8 15. a5 Qb7 16. Ne4 Nxe4 17. dxe4 c4 18. Nd4 Nc5 19. Nxc6 Qxc6 20. Rd1 Nb3 21. Rab1 Nxa5 22. Bd6 Bxd6 23. e5 Qc5 24. Rxd6 Qxe5 25. Rxa6 Nb3 26. Rd1 Rfd8 27. e3 Rxd1+ 28. Qxd1 Qxb2 29. Qd7 Rf8 30. Qxb5 Qc1+ 31. Bf1 Nd2 0-1

[Event "Quebec-ch classe"]
[Site "Montreal CAN"]
[Date "2013.01.19"]
[Round "3.9"]
[White "MacKinnon, Keith"]
[Black "Dumouchel, Alain"]
[Result "1-0"]
[WhiteElo "2316"]
[BlackElo "2020"]
[PlyCount "65"]
[GameId "2160767909381969"]
[EventDate "2013.01.18"]
[EventType "swiss"]
[EventRounds "5"]
[EventCountry "CAN"]
[SourceTitle "EXT 2022"]
[Source "ChessBase"]
[SourceDate "2021.10.06"]
[SourceVersion "1"]
[SourceVersionDate "2021.10.06"]
[SourceQuality "1"]

1. e4 e5 2. Nf3 Nc6 3. d4 exd4 4. Nxd4 Bc5 5. Nf5 Qf6 6. Nc3 Bb4 7. Bd2 Nge7 8. Ne3 O-O 9. Bc4 d6 10. O-O Qg6 11. Ncd5 Bxd2 12. Qxd2 Nxd5 13. Nxd5 Qxe4 14. Bd3 Qg4 15. Nxc7 Rb8 16. h3 Qh4 17. Rae1 Qd8 18. Nb5 d5 19. Qf4 Be6 20. Re3 a6 21. Nd6 Qc7 22. Rg3 Kh8 23. Rxg7 Kxg7 24. Ne8+ Rbxe8 25. Qxc7 Re7 26. Qg3+ Kh8 27. Qh4 f6 28. Re1 Nd8 29. f4 Rg7 30. Qh6 Bg8 31. Re7 Ne6 32. Rxg7 Nxg7 33. g4 1-0

[Event "Quebec-ch classe"]
[Site "Montreal CAN"]
[Date "2013.01.20"]
[Round "4.1"]
[White "Kleinman, Michael"]
[Black "Hambleton, Aman"]
[Result "1/2-1/2"]
[WhiteElo "2288"]
[BlackElo "2370"]
[PlyCount "55"]
[GameId "2160767909381970"]
[EventDate "2013.01.18"]
[EventType "swiss"]
[EventRounds "5"]
[EventCountry "CAN"]
[SourceTitle "EXT 2022"]
[Source "ChessBase"]
[SourceDate "2021.10.06"]
[SourceVersion "1"]
[SourceVersionDate "2021.10.06"]
[SourceQuality "1"]

1. e4 b6 2. d4 Bb7 3. Bd3 Nf6 4. Nd2 Nc6 5. c3 e5 6. Ngf3 d6 7. O-O a6 8. Re1 g6 9. Nc4 Qe7 10. Bg5 h6 11. Bh4 Bg7 12. a4 O-O 13. Qd2 Rfe8 14. b4 Qf8 15. Bg3 exd4 16. cxd4 d5 17. exd5 Rxe1+ 18. Rxe1 Nxb4 19. d6 Nxd3 20. Qxd3 b5 21. Na5 Bxf3 22. gxf3 cxd6 23. axb5 Re8 24. Rc1 axb5 25. Nb7 Rc8 26. Rxc8 Qxc8 27. Qxb5 d5 28. Kg2 1/2-1/2

[Event "Quebec-ch classe"]
[Site "Montreal CAN"]
[Date "2013.01.20"]
[Round "4.2"]
[White "Sambuev, Bator"]
[Black "Dumont, Felix"]
[Result "1-0"]
[WhiteElo "2576"]
[BlackElo "2121"]
[PlyCount "79"]
[GameId "2160767909381971"]
[EventDate "2013.01.18"]
[EventType "swiss"]
[EventRounds "5"]
[EventCountry "CAN"]
[SourceTitle "EXT 2022"]
[Source "ChessBase"]
[SourceDate "2021.10.06"]
[SourceVersion "1"]
[SourceVersionDate "2021.10.06"]
[SourceQuality "1"]

1. d4 Nf6 2. c4 g6 3. Nc3 Bg7 4. e4 d6 5. Nf3 O-O 6. Be2 e5 7. O-O Nc6 8. d5 Ne7 9. Ne1 Nd7 10. Be3 f5 11. f3 f4 12. Bf2 g5 13. Rc1 Rf6 14. Nd3 Rh6 15. c5 Qe8 16. Nb5 Qh5 17. h4 Ng6 18. g4 fxg3 19. Bxg3 Nf4 20. Nxc7 Rb8 21. Ne6 Nxc5 22. Ndxc5 dxc5 23. Rxc5 Bxe6 24. dxe6 Nxe2+ 25. Qxe2 gxh4 26. Bh2 Rxe6 27. Kh1 Qf7 28. f4 exf4 29. Rxf4 Qe7 30. Qc4 Kh8 31. Rc7 Qe8 32. Rxg7 Rc8 33. Rc7 Rxc7 34. Qxc7 Rxe4 35. Rf1 Re3 36. Qc2 Re1 37. Rxe1 Qxe1+ 38. Bg1 a5 39. Qc8+ Kg7 40. Qc3+ 1-0

[Event "Quebec-ch classe"]
[Site "Montreal CAN"]
[Date "2013.01.20"]
[Round "4.4"]
[White "Nicula, Marius"]
[Black "Weston, Paul"]
[Result "1-0"]
[WhiteElo "2207"]
[BlackElo "2010"]
[PlyCount "69"]
[GameId "2160767909381973"]
[EventDate "2013.01.18"]
[EventType "swiss"]
[EventRounds "5"]
[EventCountry "CAN"]
[SourceTitle "EXT 2022"]
[Source "ChessBase"]
[SourceDate "2021.10.06"]
[SourceVersion "1"]
[SourceVersionDate "2021.10.06"]
[SourceQuality "1"]

1. Nf3 c5 2. e4 d6 3. c3 Nf6 4. h3 Nc6 5. Bd3 e6 6. Bc2 Be7 7. O-O O-O 8. Re1 d5 9. e5 Nd7 10. d4 c4 11. b3 cxb3 12. axb3 Re8 13. Ba3 Nf8 14. Bxe7 Nxe7 15. c4 b6 16. Nc3 Bb7 17. Nb5 Nc8 18. c5 bxc5 19. dxc5 a6 20. Nbd4 Na7 21. b4 Nc6 22. Nxc6 Bxc6 23. Bd3 Bb5 24. Bxb5 axb5 25. Qd3 Qd7 26. Nd4 Ng6 27. Rxa8 Rxa8 28. Qxb5 Qxb5 29. Nxb5 Rb8 30. Nd6 Rxb4 31. c6 Ne7 32. c7 Kf8 33. Ra1 g5 34. Ra8+ Kg7 35. Re8 1-0

[Event "Quebec-ch classe"]
[Site "Montreal CAN"]
[Date "2013.01.20"]
[Round "4.5"]
[White "Robichaud, Louis"]
[Black "Guierguiev, Valentin"]
[Result "1-0"]
[WhiteElo "2032"]
[BlackElo "1938"]
[PlyCount "95"]
[GameId "2160767909381974"]
[EventDate "2013.01.18"]
[EventType "swiss"]
[EventRounds "5"]
[EventCountry "CAN"]
[SourceTitle "EXT 2022"]
[Source "ChessBase"]
[SourceDate "2021.10.06"]
[SourceVersion "1"]
[SourceVersionDate "2021.10.06"]
[SourceQuality "1"]

1. e4 g6 2. d4 Bg7 3. f4 c5 4. dxc5 Qa5+ 5. Nc3 Nf6 6. Bd3 Nc6 7. Nf3 Qxc5 8. Qe2 d6 9. Be3 Qb4 10. O-O O-O 11. a3 Qa5 12. b4 Qh5 13. h3 b6 14. b5 Ne8 15. e5 Na5 16. Ne4 Bb7 17. Kh2 f5 18. exf6 Nxf6 19. Nxf6+ Bxf6 20. g4 Qd5 21. Rad1 Qe6 22. Bd2 Qxe2+ 23. Bxe2 Rac8 24. Bxa5 bxa5 25. c4 Bxf3 26. Rxf3 Rc5 27. g5 Bb2 28. Rb3 Bg7 29. Re3 Rxf4 30. Rxe7 Be5 31. Kg2 Bd4 32. Kg3 Rcf5 33. Bg4 Bf2+ 34. Kg2 Rxg5 35. Rxd6 h5 36. Rd8+ Rf8 37. Rdd7 Rf4 38. Re8+ Rf8 39. Rxf8+ Kxf8 40. Kxf2 hxg4 41. hxg4 Rxg4 42. Rxa7 Rxc4 43. b6 Rc2+ 44. Kg3 Rc3+ 45. Kf4 Rc4+ 46. Ke5 Rc5+ 47. Kd4 Rb5 48. b7 1-0

[Event "Quebec-ch classe"]
[Site "Montreal CAN"]
[Date "2013.01.20"]
[Round "4.7"]
[White "Cardona, Misael"]
[Black "Libersan, Thierry"]
[Result "1/2-1/2"]
[WhiteElo "2031"]
[BlackElo "2128"]
[PlyCount "88"]
[GameId "2160767909381976"]
[EventDate "2013.01.18"]
[EventType "swiss"]
[EventRounds "5"]
[EventCountry "CAN"]
[SourceTitle "EXT 2022"]
[Source "ChessBase"]
[SourceDate "2021.10.06"]
[SourceVersion "1"]
[SourceVersionDate "2021.10.06"]
[SourceQuality "1"]

1. d4 Nf6 2. c4 g6 3. Nc3 Bg7 4. e4 d6 5. f4 O-O 6. Nf3 c5 7. dxc5 Qa5 8. Bd3 Qxc5 9. Qe2 Nc6 10. Be3 Qa5 11. Rc1 Ng4 12. Bd2 Qh5 13. h3 Nd4 14. Nxd4 Bxd4 15. Rf1 Qh4+ 16. Kd1 Nf2+ 17. Kc2 Qg3 18. Be1 Qxd3+ 19. Qxd3 Nxd3 20. Kxd3 Bxc3 21. Bxc3 Bd7 22. g4 b5 23. b3 Rfc8 24. Bd4 bxc4+ 25. bxc4 Rc6 26. Rf2 Ra6 27. Rc3 Rb8 28. Rb3 Rxb3+ 29. axb3 Ra3 30. Kc2 Bc6 31. Kb2 Ra6 32. b4 Ra4 33. Bc3 Bxe4 34. Kb3 Ra6 35. b5 Rb6 36. Bd4 Rb7 37. Ra2 d5 38. Rxa7 dxc4+ 39. Kxc4 Rxa7 40. Bxa7 Kf8 41. Kd4 Bg2 42. h4 Ke8 43. Bc5 Kd7 44. b6 Bb7 1/2-1/2

[Event "Quebec-ch classe"]
[Site "Montreal CAN"]
[Date "2013.01.20"]
[Round "4.8"]
[White "Prahov, Valentin"]
[Black "Auger, Bertrand"]
[Result "1-0"]
[WhiteElo "2121"]
[BlackElo "1978"]
[PlyCount "39"]
[GameId "2160767909381977"]
[EventDate "2013.01.18"]
[EventType "swiss"]
[EventRounds "5"]
[EventCountry "CAN"]
[SourceTitle "EXT 2022"]
[Source "ChessBase"]
[SourceDate "2021.10.06"]
[SourceVersion "1"]
[SourceVersionDate "2021.10.06"]
[SourceQuality "1"]

1. e4 e6 2. d4 d5 3. e5 c5 4. c3 Nc6 5. Nf3 Nh6 6. b4 cxd4 7. cxd4 Nf5 8. Be3 Be7 9. Bd3 h6 10. O-O g5 11. Nc3 Nxe3 12. fxe3 a6 13. Na4 Qc7 14. h3 h5 15. Nc5 Bd7 16. Nd2 O-O-O 17. Rxf7 g4 18. hxg4 Bg5 19. Nf1 a5 20. gxh5 1-0

[Event "Quebec-ch classe"]
[Site "Montreal CAN"]
[Date "2013.01.20"]
[Round "4.9"]
[White "Dumouchel, Alain"]
[Black "Lopez Linares, Lizandro"]
[Result "0-1"]
[WhiteElo "2020"]
[BlackElo "2066"]
[PlyCount "44"]
[GameId "2160767909381978"]
[EventDate "2013.01.18"]
[EventType "swiss"]
[EventRounds "5"]
[EventCountry "CAN"]
[SourceTitle "EXT 2022"]
[Source "ChessBase"]
[SourceDate "2021.10.06"]
[SourceVersion "1"]
[SourceVersionDate "2021.10.06"]
[SourceQuality "1"]

1. e4 c6 2. d4 d5 3. Nc3 dxe4 4. Nxe4 Bf5 5. Ng3 Bg6 6. h4 h6 7. Nf3 Nd7 8. h5 Bh7 9. Bd3 Bxd3 10. Qxd3 e6 11. Bd2 Ngf6 12. Kf1 Qc7 13. Rd1 O-O-O 14. c4 Bd6 15. Rh4 c5 16. b4 a6 17. Kg1 cxd4 18. Rxd4 Ne5 19. Nxe5 Bxe5 20. Rxd8+ Rxd8 21. Qe2 Bxg3 22. fxg3 Qxg3 0-1

[Event "Quebec-ch classe"]
[Site "Montreal CAN"]
[Date "2013.01.20"]
[Round "5.1"]
[White "Kleinman, Michael"]
[Black "Sambuev, Bator"]
[Result "0-1"]
[WhiteElo "2288"]
[BlackElo "2576"]
[PlyCount "123"]
[GameId "2160767909381979"]
[EventDate "2013.01.18"]
[EventType "swiss"]
[EventRounds "5"]
[EventCountry "CAN"]
[SourceTitle "EXT 2022"]
[Source "ChessBase"]
[SourceDate "2021.10.06"]
[SourceVersion "1"]
[SourceVersionDate "2021.10.06"]
[SourceQuality "1"]

1. e4 e6 2. d4 d5 3. Nd2 Be7 4. Bd3 c5 5. dxc5 Nf6 6. Qe2 Nc6 7. Ngf3 Nb4 8. O-O Nxd3 9. cxd3 Bxc5 10. e5 Nd7 11. d4 Be7 12. Re1 b6 13. b3 a5 14. a4 Ba6 15. Qe3 Nb8 16. Ba3 Bxa3 17. Rxa3 Nc6 18. Rc1 Rc8 19. Nb1 O-O 20. Ra1 Qd7 21. Na3 Nb4 22. Ne1 h6 23. Nac2 Nxc2 24. Nxc2 Rc6 25. Na3 Rfc8 26. g3 Qc7 27. Rxc6 Qxc6 28. Rb1 Qc3 29. Qxc3 Rxc3 30. Rb2 Rd3 31. f4 Rxd4 32. Kf2 g5 33. fxg5 hxg5 34. Rc2 Rd3 35. Rc6 Rxb3 36. Nc2 g4 37. Nd4 Rd3 38. Nb5 Bxb5 39. axb5 Rb3 40. Rxb6 Kg7 41. Rb7 Kg6 42. Ke2 a4 43. Ra7 a3 44. b6 Rxb6 45. Rxa3 Rb4 46. Ra8 Re4+ 47. Kd3 Kg7 48. Ra2 Rxe5 49. Rf2 Re4 50. Ra2 f5 51. Rb2 Kf6 52. Ra2 Ke5 53. Rb2 f4 54. gxf4+ Rxf4 55. Rg2 Rf3+ 56. Ke2 Kf4 57. Rg1 e5 58. Rd1 d4 59. Rd2 Rh3 60. Kf1 d3 61. Kg2 Ke3 62. Rf2 0-1

[Event "Quebec-ch classe"]
[Site "Montreal CAN"]
[Date "2013.01.20"]
[Round "5.3"]
[White "Sturt, Raven"]
[Black "Robichaud, Louis"]
[Result "1-0"]
[WhiteElo "2283"]
[BlackElo "2032"]
[PlyCount "73"]
[GameId "2160767909381981"]
[EventDate "2013.01.18"]
[EventType "swiss"]
[EventRounds "5"]
[EventCountry "CAN"]
[SourceTitle "EXT 2022"]
[Source "ChessBase"]
[SourceDate "2021.10.06"]
[SourceVersion "1"]
[SourceVersionDate "2021.10.06"]
[SourceQuality "1"]

1. d4 Nf6 2. c4 g6 3. g3 Bg7 4. Bg2 d6 5. Nf3 O-O 6. Nc3 Nbd7 7. O-O e5 8. e4 exd4 9. Nxd4 c6 10. h3 Re8 11. Be3 Nc5 12. Qc2 a5 13. b3 Qe7 14. Rfe1 Nfxe4 15. Nxe4 Nxe4 16. Bxe4 Qxe4 17. Bd2 Qxe1+ 18. Rxe1 Rxe1+ 19. Bxe1 Bxd4 20. g4 Be6 21. Bc3 Bxc3 22. Qxc3 a4 23. Qb4 axb3 24. axb3 b5 25. cxb5 cxb5 26. Qxb5 Ra3 27. b4 Rxh3 28. Qb8+ Kg7 29. Qxd6 Rb3 30. Qd4+ Kf8 31. g5 Ke8 32. Kg2 Bd7 33. Qe5+ Kd8 34. Qb8+ Ke7 35. f3 f6 36. gxf6+ Kxf6 37. Qd8+ 1-0

[Event "Quebec-ch classe"]
[Site "Montreal CAN"]
[Date "2013.01.20"]
[Round "5.4"]
[White "Dumont, Felix"]
[Black "Nicula, Marius"]
[Result "1/2-1/2"]
[WhiteElo "2121"]
[BlackElo "2207"]
[PlyCount "38"]
[GameId "2160767909381982"]
[EventDate "2013.01.18"]
[EventType "swiss"]
[EventRounds "5"]
[EventCountry "CAN"]
[SourceTitle "EXT 2022"]
[Source "ChessBase"]
[SourceDate "2021.10.06"]
[SourceVersion "1"]
[SourceVersionDate "2021.10.06"]
[SourceQuality "1"]

1. c4 e6 2. Nf3 d5 3. b3 Nf6 4. Bb2 Be7 5. g3 b6 6. Bg2 Bb7 7. O-O O-O 8. d3 Nbd7 9. Nbd2 a5 10. Qc2 a4 11. Rac1 c5 12. d4 axb3 13. axb3 dxc4 14. Nxc4 Be4 15. Qd2 Ra2 16. Ra1 Qa8 17. Na3 Rxa1 18. Rxa1 Qd5 19. Qd1 cxd4 1/2-1/2

[Event "Quebec-ch classe"]
[Site "Montreal CAN"]
[Date "2013.01.20"]
[Round "5.5"]
[White "MacKinnon, Keith"]
[Black "Prahov, Valentin"]
[Result "1-0"]
[WhiteElo "2316"]
[BlackElo "2121"]
[PlyCount "109"]
[GameId "2160767909381983"]
[EventDate "2013.01.18"]
[EventType "swiss"]
[EventRounds "5"]
[EventCountry "CAN"]
[SourceTitle "EXT 2022"]
[Source "ChessBase"]
[SourceDate "2021.10.06"]
[SourceVersion "1"]
[SourceVersionDate "2021.10.06"]
[SourceQuality "1"]

1. e4 c5 2. Nf3 e6 3. d4 cxd4 4. Nxd4 Nf6 5. Nc3 Nc6 6. Ndb5 Bb4 7. a3 Bxc3+ 8. Nxc3 d5 9. exd5 exd5 10. Bd3 O-O 11. O-O d4 12. Ne4 Bf5 13. Re1 Re8 14. Bg5 Bxe4 15. Rxe4 Qd6 16. Bxf6 Rxe4 17. Bxe4 Qxf6 18. Qf3 Qxf3 19. Bxf3 Kf8 20. Rd1 Rc8 21. Kf1 b6 22. Be4 g6 23. Ke2 Ke7 24. Kd3 Kd6 25. Bxc6 Rxc6 26. Re1 f5 27. Re8 Rc7 28. Rd8+ Ke5 29. Rxd4 g5 30. c4 h5 31. b4 h4 32. h3 Rg7 33. Rd5+ Kf4 34. c5 bxc5 35. bxc5 g4 36. c6 gxh3 37. gxh3 Rc7 38. Rc5 Kf3 39. Rxf5+ Kg2 40. Rc5 Kxh3 41. Kd4 Kg2 42. Kd5 Kxf2 43. Kd6 Rc8 44. c7 h3 45. Kd7 Rh8 46. c8=Q Rxc8 47. Rxc8 h2 48. Rh8 Kg2 49. a4 h1=Q 50. Rxh1 Kxh1 51. a5 Kg2 52. Kc7 Kf3 53. Kb7 Ke4 54. Kxa7 Kd5 55. Kb7 1-0

[Event "Quebec-ch classe"]
[Site "Montreal CAN"]
[Date "2013.01.20"]
[Round "5.6"]
[White "Weston, Paul"]
[Black "Cardona, Misael"]
[Result "0-1"]
[WhiteElo "2010"]
[BlackElo "2031"]
[PlyCount "98"]
[GameId "2160767909381984"]
[EventDate "2013.01.18"]
[EventType "swiss"]
[EventRounds "5"]
[EventCountry "CAN"]
[SourceTitle "EXT 2022"]
[Source "ChessBase"]
[SourceDate "2021.10.06"]
[SourceVersion "1"]
[SourceVersionDate "2021.10.06"]
[SourceQuality "1"]

1. e4 c5 2. Nf3 d6 3. d4 cxd4 4. Nxd4 Nf6 5. Nc3 e6 6. Bg5 a6 7. f4 b5 8. e5 dxe5 9. fxe5 Qc7 10. Qe2 Nfd7 11. O-O-O Nc6 12. Nd5 exd5 13. e6 Nf6 14. Bxf6 gxf6 15. exf7+ Kxf7 16. Qh5+ Kg7 17. Qxd5 Nxd4 18. Rxd4 Bc5 19. Rd3 Bg4 20. Rg3 h5 21. Bd3 Bd6 22. Qf5 Bf4+ 23. Kb1 Qe5 24. Qg6+ Kf8 25. Rf1 Rh6 26. Qe4 Qxe4 27. Bxe4 Bxg3 28. Bxa8 Bxh2 29. a4 bxa4 30. Bc6 f5 31. Bxa4 h4 32. Re1 f4 33. Re8+ Kf7 34. Ra8 Rd6 35. c4 f3 36. gxf3 Bxf3 37. Ra7+ Kf6 38. c5 Re6 39. Bd7 Re1+ 40. Kc2 Bf4 41. Rxa6+ Ke7 42. c6 Bg2 43. Ra4 Rc1+ 44. Kd3 Bg3 45. Ra7 Kd6 46. b4 h3 47. Bxh3 Bxh3 48. b5 Bf1+ 49. Kd2 Bf4# 0-1